| 000 | 01303cam a22003495a 4500 | ||
|---|---|---|---|
| 001 | 14920031 | ||
| 005 | 20161128135238.0 | ||
| 008 | 070709r20142008ii abf fr 001 0 eng d | ||
| 010 | _a 2007028033 | ||
| 015 |
_aGBA873140 _2bnb |
||
| 016 | 7 |
_a014633182 _2Uk |
|
| 020 | _a9788126532230 | ||
| 020 | _a8126532238 | ||
| 035 | _a(OCoLC)ocn144219714 | ||
| 040 |
_aDLC _cDLC _dBTCTA _dBAKER _dC#P _dBWX _dYDXCP _dUKM _dNLGGC _dEG-ScBUE |
||
| 082 | 0 | 4 |
_222 _a621.3678 _bLIL |
| 100 | 1 |
_aLillesand, Thomas M. _941700 |
|
| 245 | 1 | 0 |
_aRemote sensing and image interpretation / _cThomas M. Lillesand, Ralph W. Kiefer, Jonathan W. Chipman. |
| 250 | _a6th ed. | ||
| 260 |
_aNew Delhi : _bWiley India (P.) Ltd., _c2014. |
||
| 300 |
_axii, 756 p., [36] p. of plates : _bill. (some col.), maps (some col.) ; _c25 cm. |
||
| 500 | _aIndex : p. 746-756. | ||
| 504 | _aIncludes bibliographical references. | ||
| 590 | _aWessam | ||
| 650 | 0 |
_aRemote sensing. _2BUEsh |
|
| 651 | _2BUEsh | ||
| 700 | 1 |
_aKiefer, Ralph W. _941701 |
|
| 700 | 1 |
_aChipman, Jonathan W. _941702 |
|
| 856 | 4 | 2 |
_3Publisher description _uhttp://www.loc.gov/catdir/enhancements/fy0814/2007028033-d.html |
| 856 | 4 | 1 |
_3Table of contents only _uhttp://www.loc.gov/catdir/enhancements/fy0814/2007028033-t.html |
| 942 |
_2ddc _e22 _k621.3678 LIL |
||
| 999 |
_c23374 _d23346 |
||